000 00924nam a2200301Mi 4500
001 87798
005 20230411090046.0
008 100226s2006 xxk s 000 0 eng d
035 _a(OCoLC)ocn529900796
040 _aNLGGC
_bdut
_cNLGGC
_efobidrtb
020 _a0199275211 (pbk)
020 _a9780199275212 (pbk)
029 0 _aNLGGC
_b325616914
035 _a(OCoLC)529900796
084 _a85.10
_2bcl
049 _aGRAL
245 0 4 _aThe Oxford handbook of strategy
_h[elektronische middelen] /
_ced. by David O. Faulkner and Andrew Campbell.
260 _aOxford [etc.] :
_bOxford University Press,
_c2006.
300 _axxx, 1031 p. :
_bill.
534 _pOorspr. geb. uitg. in 2 dl.:
_c2003.
650 1 7 _aStrategisch management.
_2gtt
655 7 _aHandboeken (vorm)
_2gtt
700 1 _aFaulkner, David,
_d1938-
700 1 _aCampbell, Andrew.
942 _2lcc
_cbk
994 _aC0
_bDRFGD
946 _aMF
999 _c111737
_d111737